000 01266nam a2200277 a 4500
001 BRCA_8554
005 20190320210328.0
008 160816s1680----it-#######---#000-0#ita-#
041 _ait
044 _aita
050 4 _aBX2890
_b.C76
_c1680
245 1 0 _aCroniche degli ordini institviti dal p.s. Francesco parte qvarta.
260 _aNapoli
_bNouello de bonis stampatore arciu
_c1680
300 _aT. III, 909 p.
_c22 cm
500 _aFondo antiguo
500 _aSe encuentra en Caja Fuerte
500 _a12-39
500 _aCon dedicatoria: al piv preggiable beato del minoritico ordine giacomo della marca
500 _aIncluye 2 grabados que se localizan después del índice y la anteportada
500 _aNota de encuadernación: piel con dorados, edición de cantos dorados
505 0 _aChe contiene levite, marti, miracoli edaltri fatti agregij di molti eccellenti religiosi e religiose, che illustri, ed in vita ed morte, nel serafico ordine santamente splendettero. Raccolto principalmente dal M.R.P. Bartolomeo Cimarelli, e dalti aupprobati, e veridichi
506 0 _aFondo reservado: para su consulta es necesario credencial de usuario y carta de motivos
650 1 4 _aFranciscanos
_eHistoria
_921434
902 _aLAR
942 _2lcc
_cB
999 _c8217
_d8217